Making the 'Woman' : (Record no. 1308960)
[ view plain ]
| 000 -LEADER | |
|---|---|
| fixed length control field | 01604nam a22002417a 4500 |
| 005 - DATE AND TIME OF LATEST TRANSACTION | |
| control field | 20250530151522.0 |
| 008 - FIXED-LENGTH DATA ELEMENTS--GENERAL INFORMATION | |
| fixed length control field | 250414b |||||||| |||| 00| 0 eng d |
| 020 ## - INTERNATIONAL STANDARD BOOK NUMBER | |
| International Standard Book Number | 9781032825403 |
| 040 ## - CATALOGING SOURCE | |
| Original cataloging agency | SDCL |
| Transcribing agency | SDCL |
| 041 ## - LANGUAGE CODE | |
| Source of code | eng |
| Language code of text/sound track or separate title | eng |
| 084 ## - COLON CLASSIFICATION NUMBER | |
| Classification number | Y15 R4 |
| 245 ## - TITLE STATEMENT | |
| Title | Making the 'Woman' : |
| Remainder of title | Discourses of gender in 18th-19th century India |
| 260 ## - PUBLICATION, DISTRIBUTION, ETC. | |
| Place of publication, distribution, etc. | London : |
| Name of publisher, distributor, etc. | Routledge, |
| Date of publication, distribution, etc. | 2024. |
| 300 ## - PHYSICAL DESCRIPTION | |
| Extent | xxi, 218p. |
| 520 ## - SUMMARY, ETC. | |
| Summary, etc. | The book examines the representation of women, their agency and subjectivity and gender relations in 18th- and 19th-century India. The chapters in the volume interrogate notions and discourses of ‘women’ and ‘gender’ during the period, historically shaped by multiple and even competing actors, practices and institutions. They highlight the ‘making of the woman’ across a wide spectrum of subject areas, regions and roles and attempt to understand the contradictions and differences in social experiences and identity formations of women. The volume also deals with prevalent notions of masculinity and femininity, normative and non-conformist expressions of gender and sexual identity and epistemological concerns of gender, especially in its intersectional interplay with other axes of caste, class, race, region and empire. |
| 650 ## - SUBJECT ADDED ENTRY--TOPICAL TERM | |
| Topical term or geographic name entry element | History / Asia / South / General |
| 9 (RLIN) | 811150 |
| 650 ## - SUBJECT ADDED ENTRY--TOPICAL TERM | |
| Topical term or geographic name entry element | Social Science / Gender Studies |
| 9 (RLIN) | 753077 |
| 650 ## - SUBJECT ADDED ENTRY--TOPICAL TERM | |
| Topical term or geographic name entry element | Women -- History -- 18th century -- India -- 19th century |
| 9 (RLIN) | 811231 |
| 700 ## - ADDED ENTRY--PERSONAL NAME | |
| Personal name | Dutta, Sutapa |
| 9 (RLIN) | 752258 |
| 700 ## - ADDED ENTRY--PERSONAL NAME | |
| Personal name | Tandon, Shivangini |
| 9 (RLIN) | 811232 |
| 942 ## - ADDED ENTRY ELEMENTS (KOHA) | |
| Source of classification or shelving scheme | Colon Classification (CC) |
| Koha item type | Textual |
| Suppress in OPAC | No |
| Withdrawn status | Lost status | Source of classification or shelving scheme | Damaged status | Not for loan | Home library | Current library | Date acquired | Source of acquisition | Inventory number | Total Checkouts | Full call number | Barcode | Date last seen | Price effective from | Koha item type |
|---|---|---|---|---|---|---|---|---|---|---|---|---|---|---|---|
| Colon Classification (CC) | South Campus Library | South Campus Library | 2025-04-14 | Classic Book Service | 171, 11/12/2024, INR 1295.00 | Y15 R4 | SC1690734 | 2025-04-14 | 2025-04-14 | Textual |
